| Tag |
First Indicator |
Second Indicator |
Subfields |
| LEADER |
00000cam a2200000 a 4500 |
| 001 |
in00000007508 |
| 005 |
20151005090012.0 |
| 008 |
871015s1987 mx a b 00000 eng d |
| 020 |
|
|
|a 968612716X
|
| 035 |
|
|
|a (OCoLC)16857557
|
| 035 |
|
|
|9 AAA2003AM
|
| 040 |
|
|
|a SDB
|c SDB
|d AGL
|d TXA
|d UtOrBLW
|
| 049 |
|
|
|a TXAM
|c [A12616343]
|
| 050 |
|
4 |
|a SB191.M2
|b F87 1987
|
| 245 |
0 |
4 |
|a The Future development of maize and wheat in the Third World.
|
| 264 |
|
1 |
|a Mexico :
|b International Maize and Wheat Improvement Center,
|c 1987.
|
| 300 |
|
|
|a iv, 163 pages :
|b color illustrations ;
|c 25 cm.
|
| 336 |
|
|
|a text
|b txt
|2 rdacontent
|
| 337 |
|
|
|a unmediated
|b n
|2 rdamedia
|
| 338 |
|
|
|a volume
|b nc
|2 rdacarrier
|
| 500 |
|
|
|a "Cimmyt 20, 1966-86."
|
| 500 |
|
|
|a "Maize and wheat for the third world."
|
| 504 |
|
|
|a Includes bibliographical references.
|
| 650 |
|
0 |
|a Corn
|z Developing Countries
|x Development.
|
| 650 |
|
0 |
|a Wheat
|z Developing Countries
|x Development.
|
| 710 |
2 |
|
|a International Maize and Wheat Improvement Center.
|
| 740 |
0 |
|
|a Maize and wheat for the third world.
|
| 999 |
|
|
|a MARS
|
| 999 |
f |
f |
|s 419977d7-3c6d-3826-a237-a4d581d3ef8a
|i 4199c878-f26c-3a03-afdd-67ff375da382
|t 0
|
| 952 |
f |
f |
|p ric
|a Texas A&M University
|b Rellis Campus
|c Joint Library Facility
|d Remote Storage
|t 0
|e SB191.M2 F87 1987
|h Library of Congress classification
|i unmediated -- volume
|m A14812616343
|
| 998 |
f |
f |
|a SB191.M2 F87 1987
|t 0
|l Remote Storage
|